| 000 | 00679nam a2200205 a 4500 | ||
|---|---|---|---|
| 005 | 20231013063606.0 | ||
| 008 | 991125s1946 mx 000 0 spa u | ||
| 035 | _aUPN01000026075 | ||
| 049 | _aLT | ||
| 050 | 4 |
_aLB1583 M6.5 _bZ4.3 1946 |
|
| 100 | 1 |
_aZepeda, Tomás _938156 |
|
| 245 | 1 | 0 |
_aGeografía general : _bsegundo libro : para 5o. y 6o. años de primaria _bpara 5o. y 6o. años de primaria / _cpor Tomás Zepeda |
| 260 |
_aMéxico : _bProgreso, _c1946 |
||
| 300 |
_a128 p. : _bmapas |
||
| 520 | _a"Especial para América" | ||
| 650 | 4 |
_aGeografía _xEstudio y enseñanza (Elemental) _92801 |
|
| 902 | _aRNRL ROSA N. ROCHA LOPEZ | ||
| 904 |
_aAC _b026076 |
||
| 905 | _aLibro | ||
| 999 |
_c26075 _d26075 |
||